[Event "Florianopolis op 10th"]
[Site "Florianopolis"]
[Date "2024.01.21"]
[Round "2"]
[White "Da Silva Junior, Jose Cacio"]
[Black "Da Costa, Mariana Nara Santan"]
[Result "0-1"]
[WhiteElo "1139"]
[BlackElo "1544"]
[PlyCount "66"]
[EventDate "2024.01.20"]
[EventType "swiss"]
[EventRounds "10"]
[EventCountry "BRA"]
[SourceTitle "CB05_2024"]
[SourceDate "2024.01.31"]
[SourceVersion "1"]
[SourceVersionDate "2024.01.31"]
[SourceQuality "1"]

1. e4 c6 2. d4 d5 3. e5 Bf5 4. Nf3 e6 5. Bd3 Bxd3 6. Qxd3 Nd7 7. 0-0 c5 8. c3 cxd4 9. cxd4 Bb4 10. Bd2 Bxd2 11. Nbxd2 Ne7 12. Rac1 0-0 13. Rfe1 h6 14. Nf1 Nc6 15. a3 a6 16. Qd1 Na5 17. Rc3 Nc4 18. Qc1 b5 19. b3 Ncb6 20. Ne3 Rc8 21. Ng4 Rxc3 22. Qxc3 h5 23. Ne3 Qe7 24. b4 Rc8 25. Qd2 Nc4 26. Nxc4 dxc4 27. Rc1 Nb6 28. h4 Nd5 29. Ng5 a5 30. Qc2 g6 31. g3 axb4 32. axb4 Nxb4 33. Qc3 Na2 0-1

[Event "BRA-ch (Women) 62nd"]
[Site "Timbo"]
[Date "2023.10.31"]
[Round "4"]
[White "Da Costa, Mariana Nara Santan"]
[Black "Tamarozi, Isabelle"]
[Result "0-1"]
[WhiteElo "1531"]
[BlackElo "1982"]
[PlyCount "122"]
[EventDate "2023.10.29"]
[EventType "swiss"]
[EventRounds "9"]
[EventCountry "BRA"]
[SourceTitle "Mega2024 Update 01"]
[Source "Chessbase"]
[SourceDate "2023.11.12"]
[SourceVersion "1"]
[SourceVersionDate "2023.11.12"]
[SourceQuality "1"]

1. d4 Nf6 2. Bg5 g6 3. Bxf6 exf6 4. e3 d5 5. c4 dxc4 6. Bxc4 Bd6 7. Nc3 0-0 8. Nge2 f5 9. 0-0 c6 10. d5 Bxh2+ 11. Kxh2 Qh4+ 12. Kg1 Qxc4 13. d6 Rd8 14. Qd2 Nd7 15. Rfd1 Nf6 16. Rac1 Qh4 17. f3 Ne8 18. g3 Qf6 19. Qd4 Qxd4 20. Rxd4 Rxd6 21. Rh4 Nf6 22. Kf2 Be6 23. Rch1 h5 24. Rb4 b6 25. Rd4 Rad8 26. Rhd1 Rxd4 27. Rxd4 Rxd4 28. Nxd4 Bd7 29. b4 a6 30. a4 Kf8 31. Ke2 Ke7 32. Kd3 Kd6 33. f4 Nd5 34. Nxd5 Kxd5 35. Nf3 a5 36. bxa5 bxa5 37. Ne5 Be8 38. Nc4 c5 39. Nb6+ Kc6 40. Nc4 Kc7 41. Nxa5 Bxa4 42. Kc3 Bb5 43. Nb3 Kd6 44. Nd2 Kd5 45. Kb3 f6 46. Kc3 g5 47. Kc2 Be2 48. Nb1 Ke4 49. Kd2 Ba6 50. Nc3+ Kf3 51. Nd5 h4 52. fxg5 fxg5 53. gxh4 gxh4 54. Nf4 Bb5 55. Nh3 Kg3 56. Nf4 h3 57. Nxh3 Kxh3 58. e4 fxe4 59. Ke3 Bd3 60. Kd2 Kg3 61. Kd1 Kf2 0-1

[Event "Florianopolis op 9th"]
[Site "Florianopolis"]
[Date "2023.01.29"]
[Round "10"]
[White "Da Costa, Mariana Nara Santan"]
[Black "Mesquita, Arnaldo Leite"]
[Result "1-0"]
[WhiteElo "1369"]
[BlackElo "1760"]
[PlyCount "93"]
[EventDate "2023.01.23"]
[EventType "swiss"]
[EventRounds "10"]
[EventCountry "BRA"]
[SourceTitle "CBM 212 Extra"]
[Source "ChessBase"]
[SourceDate "2023.03.31"]
[SourceVersion "1"]
[SourceVersionDate "2023.03.31"]
[SourceQuality "1"]

1. d4 Nf6 2. Nf3 e6 3. c4 c5 4. Nc3 d5 5. dxc5 Bxc5 6. cxd5 Nxd5 7. Nxd5 exd5 8. e3 0-0 9. Be2 Nc6 10. 0-0 Bf5 11. Qb3 Qd7 12. Rd1 Rfd8 13. h3 Nb4 14. Ne5 Qe7 15. Nd3 Rac8 16. Nxb4 Bxb4 17. Rxd5 Be6 18. Rxd8+ Rxd8 19. Qa4 a6 20. a3 Bd2 21. Bf3 g6 22. Bxd2 Rxd2 23. b4 Qf6 24. Rd1 b5 25. Qxa6 Rxd1+ 26. Bxd1 Qa1 27. Qxb5 Qxd1+ 28. Kh2 Qd6+ 29. Kg1 Bd7 30. Qb7 Qd1+ 31. Kh2 Qa4 32. Qb8+ Be8 33. Qe5 h6 34. Qb8 Kh7 35. Qe5 Bd7 36. Qc7 Bc6 37. Qe5 Qc2 38. Qd6 Qe4 39. f3 Qe6 40. Qf4 g5 41. Qd4 Kg6 42. Qd3+ f5 43. Qa6 Qd7 44. b5 Qd6+ 45. f4 Kh5 46. Qxc6 Qxa3 47. Qe8+ 1-0

[Event "Florianopolis op 9th"]
[Site "Florianopolis"]
[Date "2023.01.24"]
[Round "2"]
[White "Da Costa, Mariana Nara Santan"]
[Black "Dubrovich, Igor"]
[Result "0-1"]
[WhiteElo "1369"]
[BlackElo "1962"]
[PlyCount "60"]
[EventDate "2023.01.23"]
[EventType "swiss"]
[EventRounds "10"]
[EventCountry "BRA"]
[SourceTitle "CBM 212 Extra"]
[Source "ChessBase"]
[SourceDate "2023.03.31"]
[SourceVersion "1"]
[SourceVersionDate "2023.03.31"]
[SourceQuality "1"]

1. d4 Nf6 2. c4 e6 3. Nf3 Bb4+ 4. Nc3 b6 5. g3 Bb7 6. Bg2 0-0 7. 0-0 Bxc3 8. bxc3 d6 9. Bf4 Nbd7 10. Rb1 Be4 11. Rb2 Qe7 12. Re1 e5 13. Bd2 a5 14. Bc1 Rad8 15. Rd2 Ba8 16. Rb2 Ne4 17. Qb3 Kh8 18. Qc2 f5 19. Nd2 Nxd2 20. Bxd2 Bxg2 21. Kxg2 Qf7 22. Qb3 f4 23. Rf1 Qh5 24. Qb5 fxg3 25. hxg3 Qxe2 26. Bg5 Qf3+ 27. Kg1 c6 28. Qb3 Rde8 29. dxe5 Rxe5 30. Bf4 Rh5 0-1

[Event "BRA-ch Amateur U1600"]
[Site "Sao Paulo"]
[Date "2022.06.18"]
[Round "6"]
[White "Roeder, Inacio Clacier"]
[Black "Da Costa, Mariana Nara Santan"]
[Result "0-1"]
[WhiteElo "1738"]
[BlackElo "1387"]
[PlyCount "124"]
[EventDate "2022.06.16"]
[EventType "swiss"]
[EventRounds "7"]
[EventCountry "BRA"]
[SourceTitle "CBM 208 Extra"]
[Source "ChessBase"]
[SourceDate "2022.07.31"]
[SourceVersion "1"]
[SourceVersionDate "2022.07.31"]
[SourceQuality "1"]

1. e4 c6 2. c4 d5 3. cxd5 cxd5 4. exd5 Qxd5 5. Nc3 Qd8 6. d4 Nf6 7. Nf3 Bg4 8. Bc4 Nbd7 9. 0-0 e6 10. a3 Be7 11. Qd3 0-0 12. Re1 Nb6 13. Bb3 Qd7 14. Ne5 Qd6 15. Bc2 Bf5 16. Qd2 Bxc2 17. Qxc2 Qxd4 18. Bg5 h6 19. Rad1 Qc5 20. Bxf6 Bxf6 21. Qe4 Bxe5 22. Qxe5 Qxe5 23. Rxe5 Rad8 24. b3 Rxd1+ 25. Nxd1 Rd8 26. Ne3 a6 27. f4 Rd3 28. Nc4 Nxc4 29. bxc4 Rc3 30. Rc5 Rb3 31. Rc8+ Kh7 32. c5 b6 33. Rb8 b5 34. c6 Rc3 35. Rb6 a5 36. Rxb5 Rxc6 37. Rxa5 Rc4 38. g3 Kg6 39. Kg2 h5 40. Kh3 f5 41. Kh4 Rc2 42. h3 Rh2 43. Re5 Kf6 44. Ra5 g6 45. Rb5 Rd2 46. g4 hxg4 47. hxg4 Rd8 48. g5+ Ke7 49. Kg3 Rd5 50. Rb7+ Rd7 51. Rb5 Rc7 52. Kf3 Kd6 53. Rb6+ Kd5 54. Ke3 Rc3+ 55. Kf2 Rc6 56. Rb4 Rc4 57. Rxc4 Kxc4 58. Ke3 Kc3 59. Ke2 Kd4 60. Kf3 Kd3 61. Kf2 Ke4 62. Kg3 Ke3 0-1

[Event "Florianopolis Autumn op U1800"]
[Site "Florianopolis"]
[Date "2022.05.14"]
[Round "2"]
[White "Favaretto, Felipe Della Preve"]
[Black "Da Costa, Mariana Nara Santan"]
[Result "0-1"]
[WhiteElo "1800"]
[BlackElo "1381"]
[PlyCount "102"]
[EventDate "2022.05.13"]
[EventType "swiss"]
[EventRounds "6"]
[EventCountry "BRA"]
[SourceTitle "CBM 208 Extra"]
[Source "ChessBase"]
[SourceDate "2022.07.31"]
[SourceVersion "1"]
[SourceVersionDate "2022.07.31"]
[SourceQuality "1"]

1. c4 c6 2. Nc3 d5 3. cxd5 cxd5 4. Nf3 Nc6 5. d4 Nf6 6. g3 Bf5 7. Bg2 e6 8. a3 Bd6 9. 0-0 0-0 10. Nh4 Bg4 11. Nf3 Rc8 12. Nb5 Be7 13. Nc3 a6 14. Bf4 Qb6 15. b4 Bxf3 16. Bxf3 Nxd4 17. Na4 Nxf3+ 18. exf3 Qd8 19. Rc1 b5 20. Nc3 h6 21. Ne2 Rxc1 22. Qxc1 Qd7 23. Qe3 Rc8 24. Rc1 Rxc1+ 25. Nxc1 Bd6 26. Nd3 Bxf4 27. Qxf4 Qc6 28. Qb8+ Kh7 29. Nc5 Nd7 30. Qb7 Qxb7 31. Nxb7 Kg8 32. Kf1 Kf8 33. Ke2 Ke7 34. Ke3 Nb8 35. Nc5 Kd6 36. f4 Kc6 37. Kd4 Kd6 38. h4 Kc6 39. h5 Kb6 40. Ke5 Kc6 41. g4 Nd7+ 42. Nxd7 Kxd7 43. g5 Ke7 44. Kd4 Kd6 45. f3 f6 46. g6 e5+ 47. fxe5+ fxe5+ 48. Ke3 Ke6 49. f4 exf4+ 50. Kxf4 Kf6 51. Ke3 Ke5 0-1

[Event "Rio Negrinho Froebel Cup"]
[Site "Rio Negrinho"]
[Date "2022.04.09"]
[Round "5"]
[White "Da Costa, Mariana Nara Santan"]
[Black "Maia, Renata Rodrigues Al"]
[Result "1-0"]
[WhiteElo "1393"]
[BlackElo "1135"]
[PlyCount "83"]
[EventDate "2022.04.08"]
[EventType "swiss"]
[EventRounds "6"]
[EventCountry "BRA"]
[SourceTitle "EXT 2023"]
[Source "ChessBase"]
[SourceDate "2022.10.05"]
[SourceVersion "1"]
[SourceVersionDate "2022.10.05"]
[SourceQuality "1"]

1. d4 d5 2. c4 c6 3. cxd5 cxd5 4. Nc3 Nf6 5. Nf3 Qb6 6. a3 Bf5 7. b4 e6 8. Bf4 Be7 9. e3 0-0 10. Be2 Rc8 11. Rc1 Nbd7 12. 0-0 Qd8 13. h3 Nb6 14. Ne5 Nfd7 15. Qb3 a6 16. Na4 Nxa4 17. Qxa4 Nxe5 18. Bxe5 b5 19. Rxc8 Qxc8 20. Qd1 Qc3 21. Qa1 Rc8 22. Bf4 Qxa1 23. Rxa1 Rc3 24. a4 h6 25. axb5 axb5 26. Ra8+ Kh7 27. Bxb5 Bxb4 28. Ra7 Rc1+ 29. Kh2 Bg6 30. Be8 Kg8 31. Ra8 Kh7 32. Rb8 Be1 33. Rb2 Kg8 34. Bb5 Bc3 35. Ra2 Ra1 36. Rxa1 Bxa1 37. Bf1 Kf8 38. Bd6+ Ke8 39. Bb5+ Kd8 40. Bf8 h5 41. Bxg7 Ke7 42. Be2 1-0

[Event "Timbo op"]
[Site "Timbo"]
[Date "2021.06.12"]
[Round "3"]
[White "De Carvalho, Vitor Augusto Ponci"]
[Black "Da Costa, Mariana Nara Santan"]
[Result "1-0"]
[WhiteElo "1591"]
[BlackElo "1236"]
[PlyCount "59"]
[EventDate "2021.06.11"]
[EventType "swiss"]
[EventRounds "6"]
[EventCountry "BRA"]
[SourceTitle "EXT 2022"]
[Source "ChessBase"]
[SourceDate "2021.10.06"]
[SourceVersion "1"]
[SourceVersionDate "2021.10.06"]
[SourceQuality "1"]

1. e4 c6 2. d4 d5 3. e5 Bf5 4. h4 h6 5. g4 Bh7 6. Bd3 Bxd3 7. Qxd3 e6 8. f4 Be7 9. Nf3 Qa5+ 10. c3 Nd7 11. Be3 0-0-0 12. Nbd2 Kb8 13. Nb3 Qc7 14. 0-0-0 Rc8 15. Kb1 Bd8 16. f5 Ne7 17. Rdf1 h5 18. fxe6 fxe6 19. Ng5 hxg4 20. Nxe6 Qb6 21. Nxg7 Rg8 22. Rf7 Rh8 23. Bf4 c5 24. e6+ Ka8 25. exd7 Rc6 26. dxc5 Qa6 27. Qxa6 bxa6 28. Nd4 Rg6 29. Nge6 g3 30. Bxg3 1-0

[Event "Florianopolis op 7th"]
[Site "Florianopolis"]
[Date "2021.01.20"]
[Round "4"]
[White "Da Costa, Mariana Nara Santan"]
[Black "Nobre, Jailson Altair Barb"]
[Result "0-1"]
[WhiteElo "1190"]
[BlackElo "1607"]
[PlyCount "121"]
[EventDate "2021.01.18"]
[EventType "swiss"]
[EventRounds "10"]
[EventCountry "BRA"]
[SourceTitle "CBM 200 Extra"]
[Source "ChessBase"]
[SourceDate "2021.03.31"]
[SourceVersion "1"]
[SourceVersionDate "2021.03.31"]
[SourceQuality "1"]

1. d4 Nf6 2. c4 e6 3. Nc3 Bb4 4. Bd2 b6 5. a3 Bxc3 6. Bxc3 0-0 7. Nf3 Bb7 8. e3 Ne4 9. Bd3 f5 10. 0-0 Rf6 11. Bxe4 Bxe4 12. d5 Rg6 13. dxe6 Rxg2+ 14. Kh1 Qe8 15. Nh4 Rxf2+ 16. Kg1 Rxf1+ 17. Qxf1 Qxe6 18. Rd1 Nc6 19. b3 d6 20. Qf4 Ne5 21. Rf1 Rf8 22. Qg3 b5 23. cxb5 Qxb3 24. Bxe5 dxe5 25. Qxe5 Qxe3+ 26. Rf2 Qe1+ 27. Rf1 Qxh4 28. Rf4 Qg5+ 29. Kf2 Rd8 30. Rxe4 Qd2+ 31. Re2 Qd4+ 32. Qxd4 Rxd4 33. Rc2 Ra4 34. Rc3 Ra5 35. Rxc7 Rxa3 36. Rc5 f4 37. Rf5 Ra2+ 38. Kg1 Ra5 39. Rxf4 Rxb5 40. Ra4 a5 41. Kf2 Kf7 42. Ke3 Ke6 43. Kd3 g5 44. Re4+ Kf6 45. Re1 h5 46. Ra1 g4 47. Kc4 Rf5 48. Rd1 Kg5 49. Rg1 Kh4 50. Rg3 Rf2 51. Ra3 a4 52. Kb5 Rxh2 53. Rxa4 Rf2 54. Re4 Kg3 55. Re5 h4 56. Kc4 h3 57. Kd3 h2 58. Re1 Kg2 59. Ke3 h1Q 60. Rxh1 Kxh1 61. Kxf2 0-1